LIBRARY & INFORMATION CENTRE, KCAET, TAVANUR

ONLINE PUBLIC ACCESS CATALOGUE (OPAC)

Managing water resources: Policies, institutions, and technologies / (Record no. 13119)

MARC details
000 -LEADER
fixed length control field 00446cam a2200157ua 4500
003 - CONTROL NUMBER IDENTIFIER
control field OSt
008 - FIXED-LENGTH DATA ELEMENTS--GENERAL INFORMATION
fixed length control field 250820b |||||||| |||| 00| 0 eng d
041 ## - LANGUAGE CODE
Language code of text/sound track or separate title eng
082 ## - DEWEY DECIMAL CLASSIFICATION NUMBER
Classification number 627.5
Item number RED/MA
100 ## - MAIN ENTRY--AUTHOR NAME
Personal name Reddy, Ratna V .
245 00 - TITLE STATEMENT
Title Managing water resources: Policies, institutions, and technologies /
260 ## - PUBLICATION, DISTRIBUTION, ETC. (IMPRINT)
Place of publication Calcutta :
Name of publisher Oxford University Press ,
Year of publication 2006.
300 ## - PHYSICAL DESCRIPTION
Number of Pages 350 ; .
700 1# - ADDED ENTRY--PERSONAL NAME
Personal name Dev, Mahendra S .
942 ## - ADDED ENTRY ELEMENTS (KOHA)
Koha item type Books
Holdings
Withdrawn status Lost status Damaged status Home library Current library Date acquired Full call number Accession Number Koha item type
      KAUAET KAUAET 07/04/2012 627.5 RED/MA 21369 Books
free website counter